| 000 | 00776cim a2200277 a 4500 | ||
|---|---|---|---|
| 001 | 13236986 | ||
| 005 | 20180223080859.0 | ||
| 007 | ss lunjlcmnnce | ||
| 008 | 950215s1995 nyunnn i eng d | ||
| 010 | _a 2003580157 | ||
| 020 |
_a067189983X : _c16.00 |
||
| 024 | 3 |
_a9780671899837 _d51600 |
|
| 028 | 0 | 2 |
_a89983-X _bSimon & Schuster Audio |
| 035 | _a(OCoLC)ocm31994798 | ||
| 040 |
_aHQB _cHQB _dVET _dMPB _dDLC |
||
| 041 | _aeng | ||
| 042 | _alccopycat | ||
| 080 | _a611.53 edw | ||
| 100 | 1 | _a50 | |
| 101 | _apsi | ||
| 245 | 1 | 0 |
_aDriven to distraction _cEdward M. Hallowell and John J. Ratey. |
| 306 | _a020000 | ||
| 906 |
_a7 _bcbc _ccopycat _d3 _encip _f20 _gy-genmusic |
||
| 942 |
_2ddc _cBK |
||
| 999 |
_c43290 _d43290 |
||